000 00500ntaaa2200193 4500
003 01
005 20251027202720.0
008 0714s1973 ag 01
040 _aAR-BaBN
_bspa
_cAR-BaBN
_eaacr
_dRIC
082 _a612.6000 R73
100 _aRostand, Jean
_926932
245 _aAventura humana
250 _a1 ed.
260 _aBuenos Aires :
_bLibrería de la salud,
_c1938
300 _a175 p
500 _aTrata de la vida previa al nacimiento
650 _aeducación sexual
_93041
942 _cBK
999 _c22359
_d22359